<?xml version="1.0" encoding="UTF-8"?>
<record
    xmlns:xsi="http://www.w3.org/2001/XMLSchema-instance"
    xsi:schemaLocation="http://www.loc.gov/MARC21/slim http://www.loc.gov/standards/marcxml/schema/MARC21slim.xsd"
    xmlns="http://www.loc.gov/MARC21/slim">

  <leader>00388nam a22001697a 4500</leader>
  <datafield tag="999" ind1=" " ind2=" ">
    <subfield code="c">1167</subfield>
    <subfield code="d">1167</subfield>
  </datafield>
  <controlfield tag="005">20211005100320.0</controlfield>
  <controlfield tag="008">160520b        xxu||||| |||| 00| 0 eng d</controlfield>
  <datafield tag="020" ind1=" " ind2=" ">
    <subfield code="a">978-93-80358-17-8</subfield>
  </datafield>
  <datafield tag="041" ind1=" " ind2=" ">
    <subfield code="a">eng</subfield>
  </datafield>
  <datafield tag="082" ind1=" " ind2=" ">
    <subfield code="b">3393</subfield>
  </datafield>
  <datafield tag="100" ind1=" " ind2=" ">
    <subfield code="a">Bhatt N.D</subfield>
    <subfield code="9">6951</subfield>
  </datafield>
  <datafield tag="245" ind1=" " ind2=" ">
    <subfield code="a">Engineering Drawing</subfield>
  </datafield>
  <datafield tag="260" ind1=" " ind2=" ">
    <subfield code="b">Charotas Pub.</subfield>
  </datafield>
  <datafield tag="300" ind1=" " ind2=" ">
    <subfield code="a">712</subfield>
  </datafield>
  <datafield tag="650" ind1=" " ind2=" ">
    <subfield code="a">DIPLOMA ENGINEERING</subfield>
    <subfield code="9">817</subfield>
  </datafield>
  <datafield tag="942" ind1=" " ind2=" ">
    <subfield code="c">BK</subfield>
  </datafield>
  <datafield tag="952" ind1=" " ind2=" ">
    <subfield code="0">0</subfield>
    <subfield code="1">0</subfield>
    <subfield code="4">0</subfield>
    <subfield code="7">0</subfield>
    <subfield code="a">JRU</subfield>
    <subfield code="b">MAIN</subfield>
    <subfield code="c">SHELF-48-I</subfield>
    <subfield code="d">2016-05-20</subfield>
    <subfield code="g">200.00</subfield>
    <subfield code="l">15</subfield>
    <subfield code="m">4</subfield>
    <subfield code="o">3393</subfield>
    <subfield code="p">3393</subfield>
    <subfield code="r">2025-12-22 05:32:52</subfield>
    <subfield code="s">2025-09-16</subfield>
    <subfield code="w">2016-05-20</subfield>
    <subfield code="y">BK</subfield>
  </datafield>
  <datafield tag="952" ind1=" " ind2=" ">
    <subfield code="0">0</subfield>
    <subfield code="1">0</subfield>
    <subfield code="4">0</subfield>
    <subfield code="7">0</subfield>
    <subfield code="a">JRU</subfield>
    <subfield code="b">MAIN</subfield>
    <subfield code="c">SHELF-48-I</subfield>
    <subfield code="d">2016-05-20</subfield>
    <subfield code="g">200.00</subfield>
    <subfield code="l">6</subfield>
    <subfield code="o">3393</subfield>
    <subfield code="p">3394</subfield>
    <subfield code="r">2025-12-12 09:22:55</subfield>
    <subfield code="s">2025-11-28</subfield>
    <subfield code="w">2016-05-20</subfield>
    <subfield code="y">BK</subfield>
  </datafield>
  <datafield tag="952" ind1=" " ind2=" ">
    <subfield code="0">0</subfield>
    <subfield code="1">0</subfield>
    <subfield code="4">0</subfield>
    <subfield code="7">0</subfield>
    <subfield code="a">JRU</subfield>
    <subfield code="b">MAIN</subfield>
    <subfield code="c">SHELF-48-I</subfield>
    <subfield code="d">2016-05-20</subfield>
    <subfield code="g">200.00</subfield>
    <subfield code="l">1</subfield>
    <subfield code="m">2</subfield>
    <subfield code="o">3393</subfield>
    <subfield code="p">3395</subfield>
    <subfield code="r">2024-02-22 15:59:55</subfield>
    <subfield code="s">2016-08-24</subfield>
    <subfield code="w">2016-05-20</subfield>
    <subfield code="y">BK</subfield>
  </datafield>
  <datafield tag="952" ind1=" " ind2=" ">
    <subfield code="0">0</subfield>
    <subfield code="1">0</subfield>
    <subfield code="4">0</subfield>
    <subfield code="7">0</subfield>
    <subfield code="8">MINING</subfield>
    <subfield code="a">JRU</subfield>
    <subfield code="b">JRU</subfield>
    <subfield code="c">SHELF-59-J</subfield>
    <subfield code="d">2016-05-20</subfield>
    <subfield code="e">PURCHASE</subfield>
    <subfield code="g">200.00</subfield>
    <subfield code="l">17</subfield>
    <subfield code="m">3</subfield>
    <subfield code="o">3393</subfield>
    <subfield code="p">3396</subfield>
    <subfield code="r">2025-12-29 09:03:52</subfield>
    <subfield code="s">2025-12-05</subfield>
    <subfield code="w">2016-05-20</subfield>
    <subfield code="y">BK</subfield>
  </datafield>
  <datafield tag="952" ind1=" " ind2=" ">
    <subfield code="0">0</subfield>
    <subfield code="1">0</subfield>
    <subfield code="4">0</subfield>
    <subfield code="7">0</subfield>
    <subfield code="a">JRU</subfield>
    <subfield code="b">MAIN</subfield>
    <subfield code="c">SHELF-48-I</subfield>
    <subfield code="d">2016-05-20</subfield>
    <subfield code="g">200.00</subfield>
    <subfield code="l">11</subfield>
    <subfield code="m">2</subfield>
    <subfield code="o">3393</subfield>
    <subfield code="p">3397</subfield>
    <subfield code="r">2025-12-03 10:01:57</subfield>
    <subfield code="s">2025-11-18</subfield>
    <subfield code="w">2016-05-20</subfield>
    <subfield code="y">BK</subfield>
  </datafield>
  <datafield tag="952" ind1=" " ind2=" ">
    <subfield code="0">0</subfield>
    <subfield code="1">0</subfield>
    <subfield code="4">0</subfield>
    <subfield code="7">0</subfield>
    <subfield code="a">JRU</subfield>
    <subfield code="b">MAIN</subfield>
    <subfield code="c">SHELF-48-I</subfield>
    <subfield code="d">2016-05-20</subfield>
    <subfield code="g">200.00</subfield>
    <subfield code="l">15</subfield>
    <subfield code="m">3</subfield>
    <subfield code="o">3393</subfield>
    <subfield code="p">3398</subfield>
    <subfield code="r">2026-01-21 07:09:42</subfield>
    <subfield code="s">2025-12-22</subfield>
    <subfield code="w">2016-05-20</subfield>
    <subfield code="y">BK</subfield>
  </datafield>
  <datafield tag="952" ind1=" " ind2=" ">
    <subfield code="0">0</subfield>
    <subfield code="1">0</subfield>
    <subfield code="4">0</subfield>
    <subfield code="7">0</subfield>
    <subfield code="a">JRU</subfield>
    <subfield code="b">MAIN</subfield>
    <subfield code="c">SHELF-48-I</subfield>
    <subfield code="d">2016-05-20</subfield>
    <subfield code="g">200.00</subfield>
    <subfield code="l">11</subfield>
    <subfield code="m">5</subfield>
    <subfield code="o">3393</subfield>
    <subfield code="p">3399</subfield>
    <subfield code="r">2025-11-28 07:19:58</subfield>
    <subfield code="s">2025-10-31</subfield>
    <subfield code="w">2016-05-20</subfield>
    <subfield code="y">BK</subfield>
  </datafield>
  <datafield tag="952" ind1=" " ind2=" ">
    <subfield code="0">0</subfield>
    <subfield code="1">0</subfield>
    <subfield code="4">0</subfield>
    <subfield code="7">0</subfield>
    <subfield code="a">JRU</subfield>
    <subfield code="b">MAIN</subfield>
    <subfield code="c">SHELF-48-I</subfield>
    <subfield code="d">2016-05-20</subfield>
    <subfield code="g">200.00</subfield>
    <subfield code="l">13</subfield>
    <subfield code="m">2</subfield>
    <subfield code="o">3393</subfield>
    <subfield code="p">3400</subfield>
    <subfield code="r">2025-11-04 13:41:57</subfield>
    <subfield code="s">2025-10-17</subfield>
    <subfield code="w">2016-05-20</subfield>
    <subfield code="y">BK</subfield>
  </datafield>
  <datafield tag="952" ind1=" " ind2=" ">
    <subfield code="0">0</subfield>
    <subfield code="1">0</subfield>
    <subfield code="4">0</subfield>
    <subfield code="7">0</subfield>
    <subfield code="a">JRU</subfield>
    <subfield code="b">MAIN</subfield>
    <subfield code="c">SHELF-48-I</subfield>
    <subfield code="d">2016-05-20</subfield>
    <subfield code="g">200.00</subfield>
    <subfield code="l">22</subfield>
    <subfield code="m">3</subfield>
    <subfield code="o">3393</subfield>
    <subfield code="p">3401</subfield>
    <subfield code="r">2025-09-17 15:36:41</subfield>
    <subfield code="s">2025-09-08</subfield>
    <subfield code="w">2016-05-20</subfield>
    <subfield code="y">BK</subfield>
  </datafield>
  <datafield tag="952" ind1=" " ind2=" ">
    <subfield code="0">0</subfield>
    <subfield code="1">0</subfield>
    <subfield code="4">0</subfield>
    <subfield code="7">0</subfield>
    <subfield code="a">JRU</subfield>
    <subfield code="b">MAIN</subfield>
    <subfield code="c">SHELF-48-I</subfield>
    <subfield code="d">2016-05-20</subfield>
    <subfield code="g">200.00</subfield>
    <subfield code="l">9</subfield>
    <subfield code="m">2</subfield>
    <subfield code="o">3393</subfield>
    <subfield code="p">3402</subfield>
    <subfield code="r">2025-12-08 10:58:52</subfield>
    <subfield code="s">2025-12-03</subfield>
    <subfield code="w">2016-05-20</subfield>
    <subfield code="y">BK</subfield>
  </datafield>
</record>
